Against the Grain:an autobiography (Record no. 222200)
[ view plain ]
| 000 -LEADER | |
|---|---|
| fixed length control field | 00584nam a22002177a 4500 |
| 005 - DATE AND TIME OF LATEST TRANSACTION | |
| control field | 20220405163444.0 |
| 008 - FIXED-LENGTH DATA ELEMENTS--GENERAL INFORMATION | |
| fixed length control field | 220405b ||||| |||| 00| 0 eng d |
| 020 ## - INTERNATIONAL STANDARD BOOK NUMBER | |
| International Standard Book Number | 9780330317672 |
| 040 ## - CATALOGING SOURCE | |
| Transcribing agency | AL |
| 041 ## - LANGUAGE CODE | |
| Language code of text/sound track or separate title | English |
| 082 ## - DEWEY DECIMAL CLASSIFICATION NUMBER | |
| Edition number | 23 |
| Classification number | 824.914 |
| Item number | YELA |
| 100 ## - MAIN ENTRY--PERSONAL NAME | |
| Personal name | Boris Yeltsin |
| 100 ## - MAIN ENTRY--PERSONAL NAME | |
| 9 (RLIN) | 27788 |
| 245 ## - TITLE STATEMENT | |
| Title | Against the Grain:an autobiography |
| 260 ## - PUBLICATION, DISTRIBUTION, ETC. | |
| Place of publication, distribution, etc. | London |
| Name of publisher, distributor, etc. | Pan Books |
| Date of publication, distribution, etc. | 1990 |
| 300 ## - PHYSICAL DESCRIPTION | |
| Extent | vi,223 p. |
| Other physical details | PB |
| Dimensions | 19x13 cm. |
| 365 ## - TRADE PRICE | |
| Currency code | $ |
| Unit of pricing | $18.95 |
| 650 ## - SUBJECT ADDED ENTRY--TOPICAL TERM | |
| Topical term or geographic name entry element | Autobiography |
| 9 (RLIN) | 27789 |
| 700 ## - ADDED ENTRY--PERSONAL NAME | |
| Personal name | YELTSIN (Boris) |
| 9 (RLIN) | 27790 |
| 700 ## - ADDED ENTRY--PERSONAL NAME | |
| Personal name | GLENNY (Michael) tr |
| 9 (RLIN) | 27791 |
| 942 ## - ADDED ENTRY ELEMENTS (KOHA) | |
| Source of classification or shelving scheme | Dewey Decimal Classification |
| Koha item type | George Fernandes Collections |
| Withdrawn status | Lost status | Source of classification or shelving scheme | Damaged status | Not for loan | Collection code | Home library | Current library | Date acquired | Total Checkouts | Full call number | Barcode | Date last seen | Price effective from | Koha item type |
|---|---|---|---|---|---|---|---|---|---|---|---|---|---|---|
| Dewey Decimal Classification | English | St Aloysius Library | St Aloysius Library | 03/23/2013 | 824.914 YELA | GF03475 | 04/05/2022 | 04/05/2022 | George Fernandes Collections |